Nikias Skapinakis (Registo nº 200556)
[ vista simples ]
| 000 -Etiqueta do registo | |
|---|---|
| Valores | 00733nam 22002173 4500 |
| 021 ## - Número do Depósito Legal | |
| Código do país | Portugal |
| Número | 87964/95 |
| 100 ## - Dados gerais de processamento | |
| Dados gerais | 20260212d u||y0pory50 ba |
| 200 ## - Titulo e menção de responsabilidade | |
| Título próprio | Nikias Skapinakis |
| Informação de outro título | heteronimias |
| Primeira menção de responsabilidade | Bernardo Pinto de Almeida |
| Outras menções de responsabilidade | fotografias José Luís Madeira, Guilherme Carmelo |
| 210 ## - Publicação | |
| Local de publicação | Porto |
| Nome do editor | G.F.S. |
| Data de publicação | 1995 |
| 215 ## - Descrição física | |
| Paginação / Volumes | [57] p. |
| Outras indicações físicas | il. ; brochado |
| Dimensões | 30 cm |
| 317 ## - Nota de proveniência | |
| Texto da nota | .- oferta com dedicatória do escritor ao Prof. Dr. Almeida Faria em 1995. |
| 606 ## - Nome comum usado como assunto | |
| ID Autoridade | 2477 |
| Palavra de ordem | Pintura |
| Subdivisão assunto | Pintores |
| 610 ## - Termos não controlados | |
| Palavra de ordem | Exposição |
| 675 ## - CDU | |
| Notação | 75Skapinakis, Nikias |
| Edição | PT |
| Língua | por |
| 675 ## - CDU | |
| Notação | 061.4 |
| Edição | PT |
| Língua | por |
| 700 ## - Autor principal (pessoa individual) | |
| ID Autoridade | 8967 |
| Apelido | Almeida |
| Nome | Bernardo Pinto de |
| Datas | 1954- |
| 801 ## - Fonte de origem | |
| País | PT |
| Agência | BMMN |
| Regras de catalogação | RPC |
| 830 ## - Notas gerais do catalogador | |
| Criado por | Ana |
| Indexado por | Ana |
| 990 ## - Elementos KOHA | |
| Tipo de documento | Livro |
| Situação do levantamento | Biblioteca de origem | Código de barras | Cota | Permissão de empréstimo | Tipo de documento | Nota relativa ao exemplar | Forma de aquisição |
|---|---|---|---|---|---|---|---|
| Biblioteca Municipal de Montemor-o-Novo | 29750 | 75 ALM|SAF | Livro | Acesso condicionado | Oferta |